Contemporary chinese law: research problems and perspectives
-д хадгалсан:
| Үндсэн зохиолч: | |
|---|---|
| Формат: | Ном |
| Хэл сонгох: | англи |
| Хэвлэсэн: |
Cambridge
Harvard University Press
1970
|
| Хэвлэл: | 1a. ed |
| Нөхцлүүд: | |
| Шошгууд: |
Шошго нэмэх
Шошго байхгүй, Энэхүү баримтыг шошголох эхний хүн болох!
|
MARC
| LEADER | 00000cam a2200000 a 4500 | ||
|---|---|---|---|
| 001 | UCC6453 | ||
| 003 | CL-VaPUC | ||
| 008 | 181213e19700000us |||||||||||||||||eng|d | ||
| 020 | |a 674166752 | ||
| 082 | 0 | 4 | |a 340.0951 |b COH |2 21 |
| 100 | 0 | |a Cohen, Jerome Alan |e author |9 600908 | |
| 245 | 1 | 0 | |a Contemporary chinese law: research problems and perspectives |
| 250 | |a 1a. ed | ||
| 300 | |a 380 p | ||
| 942 | |c BK | ||
| 945 | |d 20181213 14:55:00 |a dcastane | ||
| 260 | |a Cambridge |b Harvard University Press |c 1970 | ||
| 650 | 7 | |a DERECHO CHINO |2 CL-VaPUC |9 400975 | |
| 650 | 0 | |a Historia del derecho |9 255109 | |
| 650 | 0 | |a Fuentes del derecho |9 255162 | |
| 583 | |a last modification |c 20181213 14:55:00 |k Rodrigo Vera | ||
| 999 | |c 373394 |d 373392 | ||
| 952 | |0 0 |1 0 |3 erd |4 0 |6 340_095100000000000_COH_1970 |7 0 |8 A |9 491495 |a BIBDER |b BIBDER |i 5522455 |o 340.0951 COH 1970 |p 5522455 |r 2023-01-25 |w 2019-11-24 |y BK |z Catalogado en:20181213 |k DER | ||